| 000 | 00566nam a22001337a 4500 | ||
|---|---|---|---|
| 020 | _a0262522349 | ||
| 040 | _cNUST | ||
| 082 | _a006.3,SOF | ||
| 245 |
_aSoftware Agents / _cEdited by Jeffrey M. Bradshaw |
||
| 260 |
_aAmerican _bUnited States of America _c1997 |
||
| 300 | _a480 p.; | ||
| 505 | _rIntroducation (Page-3), Agebts and the User Experince (Page-49), From Direct Manipulation to Delegration (Page-57), Agents for Learning and Intelligent Assistance (Page-109), Agents Communication, Collaboration, and Mobility (Page-271). | ||
| 942 |
_2ddc _cBK _k006.3,SOF |
||
| 999 |
_c594942 _d594942 |
||